000 00981pam a2200289 a 4500
001 29358
003 BD-RjUL
005 20211209051413.0
008 140403t19491921nyu b 001 0 eng d
035 _a(BD-RjUL)29443
040 _aDLC
_cDLC
_dDLC
_dBD-RjUL
_beng
041 _aeng
082 0 0 _a150.195
_219
_bBRB 1949
100 1 _aBrill, A. A.
_q(Abraham Arden),
_d1874-1948.
_941424
245 1 0 _aBasic principles of psychoanalysis /
_cA.A. Brill ; with an introduction by Philip R. Lehrman.
260 _aNew York :
_bDoubleday & company,
_c c1949.
300 _axv, 298 p. ;
_c21 cm.
500 _aRev. ed. of: Fundamental conceptions of psychoanalysis. 1921.
500 _aReprint. Originally published: Garden City, N.Y. : Doubleday, 1949.
500 _aIncludes index.
504 _aBibliography: p. [289]
650 0 _aPsychoanalysis.
_989540
700 1 _aLehrman, Philip R.
_989541
942 _2ddc
_cBK
999 _c29358
_d29358